书目信息 |
| 题名: |
中文版AutoCAD 2015建筑设计从入门到精通
|
|
| 作者: | 卢国新 , 刘晖 , 王兆丰 编著 | |
| 分册: | ||
| 出版信息: | 北京 中国铁道出版社 2014.11 |
|
| 页数: | 408页 | |
| 开本: | 26cm | |
| 丛书名: | ||
| 单 册: | ||
| 中图分类: | TU201.4 | |
| 科图分类: | ||
| 主题词: | 建筑设计--jian zhu she ji--AutoCAD软件 | |
| 电子资源: | ||
| ISBN: | 978-7-113-19275-4 | |
| 000 | 01380nam0 2200289 450 | |
| 001 | CAL 0120141423864 | |
| 005 | 20150826145549.45 | |
| 010 | @a978-7-113-19275-4@dCNY59.80 (含光盘) | |
| 010 | @a978-7-89406-258-1@b光盘 | |
| 100 | @a20141110d2014 em y0chiy50 ea | |
| 101 | 0 | @achi |
| 102 | @aCN@b110000 | |
| 105 | @aa z 000yy | |
| 106 | @ar | |
| 200 | 1 | @a中文版AutoCAD 2015建筑设计从入门到精通@Azhong wen ban AutoCAD 2015 jian zhu she ji cong ru men dao jing tong@f王兆丰, 卢国新, 刘晖编著 |
| 210 | @a北京@c中国铁道出版社@d2014.11 | |
| 215 | @a408页@c图@d26cm@e光盘1片 | |
| 330 | @a本书详细介绍了利用AutoCAD 2015绘制各种建筑图纸的流程方法和技巧。主要内容包括: 建筑设计的基本知识、AutoCAD 2015中文版简介、绘图的辅助功能、绘制基本二维图形、编辑基本图形对象、图层的操作、文字标注与图形注释、尺寸标注、图块及外部参照、打印及输出、建筑设计基本知识, 以及建筑平面图、建筑立面图、建筑剖面图、建筑详图、建筑总平面图的绘制, 这些内容几乎包含了建筑图纸的所有内容, 具有很强的借鉴意义。 | |
| 517 | 1 | @aAutoCAD 2015建筑设计从入门到精通@AAutoCAD 2015 jian zhu she ji cong ru men dao jing tong |
| 586 | @a | |
| 606 | 0 | @a建筑设计@Ajian zhu she ji@xAutoCAD软件 |
| 690 | @aTU201.4@v5 | |
| 701 | 0 | @a卢国新@Alu guo xin@4编著 |
| 701 | 0 | @a刘晖@Aliu hui@4编著 |
| 701 | 0 | @a王兆丰@Awang zhao feng@4编著 |
| 801 | 0 | @aCN@c20150820 |
| 905 | @a河南城建学院图书馆@dTU201.4@eW450@f2 | |
| 中文版AutoCAD 2015建筑设计从入门到精通/王兆丰, 卢国新, 刘晖编著.-北京:中国铁道出版社,2014.11 |
| 408页:图;26cm+光盘1片 |
| ISBN 978-7-113-19275-4:CNY59.80 (含光盘) |
| 本书详细介绍了利用AutoCAD 2015绘制各种建筑图纸的流程方法和技巧。主要内容包括: 建筑设计的基本知识、AutoCAD 2015中文版简介、绘图的辅助功能、绘制基本二维图形、编辑基本图形对象、图层的操作、文字标注与图形注释、尺寸标注、图块及外部参照、打印及输出、建筑设计基本知识, 以及建筑平面图、建筑立面图、建筑剖面图、建筑详图、建筑总平面图的绘制, 这些内容几乎包含了建筑图纸的所有内容, 具有很强的借鉴意义。 |
| ● |
| 相关链接 |
|
|
|
正题名:中文版AutoCAD 2015建筑设计从入门到精通
索取号:TU201.4/W450
 
预约/预借
| 序号 | 登录号 | 条形码 | 馆藏地/架位号 | 状态 | 备注 |
| 1 | 1224832 | 212248325 | 建筑库101/101建筑库 36排1列5层/ [索取号:TU201.4/W450] | 在馆 | |
| 2 | 1224833 | 212248334 | 建筑库101/101建筑库 36排1列5层/ [索取号:TU201.4/W450] | 在馆 |